Online katalóg knižníc regiónu Turca

Poklad nad všetky poklady (Record no. 21726)

MARC details
000 -LEADER
fixed length control field 01405cam a2200409 a 4500
001 - CONTROL NUMBER
control field 21726
003 - CONTROL NUMBER IDENTIFIER
control field VRT
005 - DATE AND TIME OF LATEST TRANSACTION
control field 20260309103522.0
008 - FIXED-LENGTH DATA ELEMENTS--GENERAL INFORMATION
fixed length control field 240315s1991 xo a b 000 j slo
015 ## - NATIONAL BIBLIOGRAPHY NUMBER
National bibliography number SNBA1991/11
020 ## - INTERNATIONAL STANDARD BOOK NUMBER
International Standard Book Number 8071140244
035 ## - SYSTEM CONTROL NUMBER
System control number SNK000009020
035 ## - SYSTEM CONTROL NUMBER
System control number urn:nbn:sk:snk-amlhav
035 ## - SYSTEM CONTROL NUMBER
System control number urn:nbn:sk:snk-am00bm9g
035 ## - SYSTEM CONTROL NUMBER
System control number 533893BA-657E-4956-BF8F-0F9CD32181C3
039 #9 - LEVEL OF BIBLIOGRAPHIC CONTROL AND CODING DETAIL [OBSOLETE]
Level of rules in bibliographic description 202501311234
Level of effort used to assign nonsubject heading access points csnk01
Level of effort used to assign subject headings 202501311230
Level of effort used to assign classification csnk01
Level of effort used to assign subject headings 202501311229
Level of effort used to assign classification csnk01
Level of effort used to assign subject headings 202501311229
Level of effort used to assign classification csnk01
040 ## - CATALOGING SOURCE
Original cataloging agency SNK
Language of cataloging slo
Transcribing agency SNK
Description conventions AACR2
041 0# - LANGUAGE CODE
Language code of text/sound track or separate title slo
044 ## - COUNTRY OF PUBLISHING/PRODUCING ENTITY CODE
MARC country code xo
ISO country code SK
100 1# - MAIN ENTRY--PERSONAL NAME
Personal name Habovštiak, Anton,
Dates associated with a name 1924-2004
Relationship aut
245 1# - TITLE STATEMENT
Title Poklad nad všetky poklady
Statement of responsibility, etc. Anton Habovštiak
250 ## - EDITION STATEMENT
Edition statement 1. vyd.
260 ## - PUBLICATION, DISTRIBUTION, ETC.
Place of publication, distribution, etc. Bratislava
Name of publisher, distributor, etc. Lúč
Date of publication, distribution, etc. 1991
300 ## - PHYSICAL DESCRIPTION
Extent 112 s.
Dimensions 29 cm
655 #7 - INDEX TERM--GENRE/FORM
Genre/form data or focus term slovenské rozprávky
Source of term SNKPH
655 #7 - INDEX TERM--GENRE/FORM
Genre/form data or focus term autorské rozprávky
Source of term SNKPH
655 #7 - INDEX TERM--GENRE/FORM
Genre/form data or focus term litertaúra pre deti
Source of term SNKPH
700 1# - ADDED ENTRY--PERSONAL NAME
Personal name Ondreička, Karol,
Dates associated with a name 1944-2003
Relationship ill
942 ## - ADDED ENTRY ELEMENTS (KOHA)
Source of classification or shelving scheme Dewey Decimal Classification
Koha item type Krásna literatúra pre deti
Suppress in OPAC No
949 ## - LOCAL PROCESSING INFORMATION (OCLC)
6 17A0107927
9 P60, <05>, [BOOK], {605}
a snkSB 48654 D1
949 ## - LOCAL PROCESSING INFORMATION (OCLC)
6 273K0526774
a svkpoC 51027
b svkpo531854
949 ## - LOCAL PROCESSING INFORMATION (OCLC)
6 3830001090971
a kurukT18/HABO1-11
b kuruk2014/F1223
o D2014/Majda, farár Turany
949 ## - LOCAL PROCESSING INFORMATION (OCLC)
6 3870A04538
a binIL 0217
b bin4538
949 ## - LOCAL PROCESSING INFORMATION (OCLC)
6 17A0807514
a snkSB 48654
s 6100:20160606
949 ## - LOCAL PROCESSING INFORMATION (OCLC)
6 3870A03995
a binAU 227
b bin3995
Holdings
Stav vyradenia Strata Poškodenie Spôsob nadobudnutia Domovská knižnica Aktuálna knižnica Dátum nadobudnutia Total checkouts Čiarový kód exemplára Date last seen Typ exemplára
      Dar Obecná knižnica Turčianska Štiavnička Obecná knižnica Turčianska Štiavnička 09.03.2026   4738000324 09.03.2026 Krásna literatúra pre deti
Projekt je podporený Slovenskou asociáciou knižníc
Prevádzkuje Turčianska knižnica Martin 2026